"The Challenge" TV Show Seasons - Statistics

General Stats
  • This quiz has been taken 327 times
    259 since last reset
  • The average score is 26 of 35
Answer Stats
Season Title % Correct
22 Battle of the Exes
93%
26 Battle of the Exes II
90%
33 War of the Worlds
90%
21 Rivals
89%
34 War of the Worlds 2
87%
24 Rivals II
86%
28 Rivals III
86%
31 Vendettas
86%
30 XXX: Dirty 30
84%
27 Battle of the Bloodlines
83%
6 Battle of the Sexes
80%
32 Final Reckoning
80%
8 The Inferno
80%
12 Fresh Meat
78%
13 The Duel
78%
10 The Inferno II
78%
17 The Duel II
77%
5 Battle of the Seasons
76%
23 Battle of the Seasons
76%
19 Fresh Meat II
76%
29 Invasion of the Champions
76%
35 Total Madness
76%
25 Free Agents
74%
7 The Gauntlet
74%
11 The Gauntlet 2
73%
14 The Inferno 3
72%
16 The Island
71%
15 The Gauntlet III
70%
20 Cutthroat
67%
9 Battle of the Sexes 2
66%
18 The Ruins
61%
2 Real World vs Road Rules
54%
1 Road Rules: All Stars
53%
3 Challenge 2000
43%
4 Extreme Challenge
34%
No matching quizzes found
Score Distribution
Percent of People with Each Score
Percentile by Number Answered
Your Score History
You have not taken this quiz since the last reset